000
00225 a2200097 4500
001
33802
100
_a
Muhsin Virk
245
_a
Bariy logon ki Aap Baitian [Urdu]
260
_a
Lahore
_b
Alm Dost Pub
_c
090
_c
22454
_d
22454
942
_a
NUST-CAE
_c
M
_c
13841
999
_c
268875
_d
268875